000 00929nam a2200277Ia 4500
003 OSt
005 20221005062319.0
006 a|||||r|||| 00| 0
007 ta
008 221004b |||||||| |||| 00| 0 eng d
020 _a9780415390750 (hbk)
_c5612.25
024 _a96223
037 _b26842, 09/01/2009, Segment Book Distributors
_cTextual
040 _aCRL
_cCRL
_beng
041 _2eng
_aeng
082 _aP12,9D:2, P7
100 _aManzini M. Rita
_9601686
245 0 _aUnification of morphology and syntax
_b Investigations into romance and albanian dialects
260 _aLondon
_bRoutledge UK
_c2007
300 _a391p.
_ccm.
490 _aRoutledge leading linguists
650 _aLINGUISTICS
700 _a Savoia Leonardo M.
_9601687
942 _hP12,9D:2, P7
_cTEXL
_2cc
999 _c969507
_d969507